Escepticismo, relativismo, laicismo (Record no. 182074)
[ view plain ]
| 000 -LEADER | |
|---|---|
| campo de control de longitud fija | 00654nam a2200169 i 4500 |
| 001 - NÚMERO DE CONTROL | |
| campo de control | 182074 |
| 003 - IDENTIFICADOR DE NÚMERO DE CONTROL | |
| campo de control | ES-MaACL |
| 005 - FECHA Y HORA DE LA ÚLTIMA TRANSACCIÓN | |
| campo de control | 20250831130009.0 |
| 008 - DATOS DE LONGITUD FIJA--INFORMACIÓN GENERAL | |
| campo de control de longitud fija | 130529s2012 sp |||| | spa d |
| 100 1# - ENTRADA PRINCIPAL--NOMBRE DE PERSONA | |
| Nombre de persona | Marchante Gil, Armando. |
| 9 (RLIN) | 152816 |
| 245 10 - MENCIÓN DEL TÍTULO | |
| Título | Escepticismo, relativismo, laicismo |
| Resto del título | : 10ª Conferencia del Ciclo 2012 celebrada en la Sala Tesis de la Universidad CEU-San Pablo.. Madrid 14 de noviembre 2012 / |
| Mención de responsabilidad, etc. | Armando Marchante Gil. |
| 260 ## - PUBLICACIÓN, DISTRIBUCIÓN, ETC. | |
| Lugar de publicación, distribución, etc. | Madrid : |
| Nombre del editor, distribuidor, etc. | Asociación Española de Militares Escritores, |
| Fecha de publicación, distribución, etc. | [2012?] |
| 300 ## - DESCRIPCIÓN FÍSICA | |
| Extensión | 23 p. ; |
| Dimensiones | 21 cm. |
| 650 #7 - PUNTO DE ACCESO ADICIONAL DE MATERIA--TÉRMINO DE MATERIA | |
| Término de materia o nombre geográfico como elemento de entrada | Laicismo |
| Fuente del encabezamiento o término | embne |
| 9 (RLIN) | 14048 |
| 852 ## - LOCALIZACIÓN | |
| Ubicación | ES-MaACL |
| Número de control de estantería | 2114-F-23 |
| Estatus retirado | Estado de pérdida | Estado de daño | No para préstamo | Colección | Biblioteca de origen | Biblioteca actual | Ubicación en estantería | Fecha de adquisición | Fuente de adquisición | Total de préstamos | Signatura topográfica completa | Código de barras | Visto por última vez | Precio de reemplazo | Tipo de ítem Koha |
|---|---|---|---|---|---|---|---|---|---|---|---|---|---|---|---|
| Colección de folletos | Biblioteca del Ateneo de Madrid | Biblioteca del Ateneo de Madrid | Depósito folletos | 29/05/2013 | 2114-F-23 | 1191335 | 23/02/2023 | 23/02/2023 | Folleto |
